Hatshepsut : from queen to pharaoh
Αποθηκεύτηκε σε:
| Συλλογικό Έργο: | , , |
|---|---|
| Άλλοι συγγραφείς: | , , |
| Μορφή: | Βιβλίο |
| Γλώσσα: | English |
| Δημοσίευση: |
New York : New Haven; London :
The Metropolitan Museum of Art, Yale University Press,
[2005]
|
| Θέματα: | |
| Ετικέτες: |
Προσθήκη ετικέτας
Δεν υπάρχουν, Καταχωρήστε ετικέτα πρώτοι!
|
MARC
| LEADER | 00000nam a2200000 i 4500 | ||
|---|---|---|---|
| 001 | 1/66045 | ||
| 008 | 071205s2005 eng d | ||
| 020 | |a 1-58839-172-8 (hbk.) | ||
| 020 | |a 0-300-11139-8 (Yale University Press) | ||
| 035 | |l 10092817 | ||
| 040 | |a GR-MY-UA |b gre |e aacr | ||
| 041 | 0 | |a eng | |
| 082 | 0 | |a 932.014092 |2 (22) | |
| 245 | 1 | 0 | |a Hatshepsut : |b from queen to pharaoh / |c edited by Catharine H. Roehrig ; with Renee Dreyfus and Cathleen A. Keller ; The Metropolitan Museum of Art ; [MH de Young Memorial Museum] ; [Kimbell Art Museum] |
| 260 | |a New York : |a New Haven; London : |b The Metropolitan Museum of Art, |b Yale University Press, |c [2005] | ||
| 300 | |a xv, 339 σ.; |b έγχρ. φωτ., χάρτες; |c 31 εκ. | ||
| 500 | |a "Catalogue to an exhibition at the MH de Young Memorial Museum, San Francisco, from October 15, 2005, to February 5, 2006; at The Metropolitan Museum of Art, New York, from March 28 to July 9, 2006; and at the Kimbell Art Museum, Fort Worth, August 27 to December 31, 2006" | ||
| 504 | |a Βιβλιογραφία: σ. 307-330. Ευρετήριο | ||
| 600 | 1 | 0 | |a Hatshepsut |c Queen of Egypt |x Exhibitions. |
| 600 | 1 | 0 | |a Hatshepsut |c Queen of Egypt |x Art |x Exhibitions. |
| 650 | 0 | 0 | |a Pharaohs |x Exhibitions. |
| 651 | 0 | |a Egypt |x History, Ancient. | |
| 700 | 1 | |a Roehrig, Catharine H. |4 edt | |
| 700 | 1 | |a Dreyfus, Renee. |4 edt | |
| 700 | 1 | |a Keller, Cathleen A. |4 edt | |
| 710 | 2 | |a Metropolitan Museum of Art (New York, N.Y.) | |
| 710 | 2 | |a M.H. De Young Memorial Museum. | |
| 710 | 2 | |a Kimbell Art Museum. | |
| 852 | |a INST |b RHODES |e 20071205 |h 932.014092 HAT |p 005400025083 |q 005400025083 |t BK |y 0 | ||
| 901 | |a BIBL4-2007-3 | ||
| 909 | |a Ρ |b 140487 | ||
| 922 | |a 4ΕΛΗ |b 200711 |c ΕΠΕΑΕΚ2/ΤΜΣ |d ΕΛΕΥΘΕΡΟΥΔΑΚΗΣ | ||
| 970 | |a ΧΑΡΙΟΠΟΛΙΤΟΥ |b ΚΩΝΣΤΑΝΤΙΝΑ |z 2007/12/05 | ||